[Event "Budapest-chT1 Lilienthal 1718"]
[Site "Budapest"]
[Date "2017.10.01"]
[Round "1"]
[White "Marodi, Matyas"]
[Black "Kormos, Adam"]
[Result "1/2-1/2"]
[WhiteElo "2169"]
[BlackElo "2160"]
[PlyCount "97"]
[EventDate "2017.10.01"]
[EventType "team-tourn"]
[EventRounds "13"]
[EventCountry "HUN"]
[SourceTitle "EXT 2021"]
[Source "ChessBase"]
[SourceDate "2020.10.23"]
[SourceVersion "1"]
[SourceVersionDate "2020.10.23"]
[SourceQuality "1"]
[WhiteTeam "Csepel"]
[BlackTeam "Budapest EAC II"]
[WhiteTeamCountry "HUN"]
[BlackTeamCountry "HUN"]

1. b3 g6 2. Bb2 Nf6 3. Nf3 Bg7 4. e3 d5 5. d3 a5 6. Nbd2 a4 7. c4 a3 8. Bc3 0-0 9. Be2 Na6 10. 0-0 dxc4 11. bxc4 Nc5 12. Qc2 b6 13. Rab1 Bb7 14. e4 Na4 15. Bb4 Nh5 16. Rb3 Nf4 17. Nb1 c5 18. Bxa3 Bc8 19. Bc1 Nxe2+ 20. Qxe2 Bg4 21. h3 Bxf3 22. Qxf3 Qd7 23. Qe2 Rfd8 24. Rd1 Rab8 25. Rb5 Ra8 26. Qc2 Bd4 27. Be3 Qc7 28. Rb3 Qe5 29. Bxd4 cxd4 30. Nd2 Nc3 31. Ra1 Qc7 32. Nb1 Na4 33. Na3 Nc5 34. Nb5 Qe5 35. Rbb1 Ra6 36. Qd2 Ne6 37. g3 h5 38. f4 Qb8 39. Rf1 Kg7 40. Kg2 Nc5 41. f5 Qe5 42. fxg6 fxg6 43. Rad1 Raa8 44. Rf2 Rf8 45. Rdf1 Rf6 46. Rxf6 exf6 47. Rf3 Ne6 48. Qb2 Ng5 49. Rf4 1/2-1/2

[Event "HUN-chT2 Charousek 0607"]
[Site "Hungary"]
[Date "2007.04.29"]
[Round "9"]
[White "Marodi, Matyas"]
[Black "Mihalka, Zsolt"]
[Result "0-1"]
[WhiteElo "2163"]
[BlackElo "2190"]
[PlyCount "40"]
[EventDate "2006.11.12"]
[EventType "team"]
[EventRounds "11"]
[EventCountry "HUN"]
[SourceTitle "EXT 2008"]
[Source "ChessBase"]
[SourceDate "2007.11.25"]
[SourceVersion "1"]
[SourceVersionDate "2007.11.25"]
[SourceQuality "1"]
[WhiteTeam "Decs"]
[BlackTeam "Penzugyor"]
[WhiteTeamCountry "HUN"]
[BlackTeamCountry "HUN"]

1. d4 g6 2. c4 Bg7 3. Nc3 d6 4. e4 e5 5. d5 Nd7 6. Nf3 h6 7. Be2 Ne7 8. Be3 f5 9. exf5 Nxf5 10. 0-0 Qe7 11. Ne4 Nf6 12. Nfd2 Bd7 13. b4 0-0 14. Qb3 Kh7 15. c5 Nd4 16. Bxd4 exd4 17. cxd6 cxd6 18. Nxf6+ Bxf6 19. Bf3 Rae8 20. Rae1 Qxe1 0-1

[Event "Budapest FS02 FM-A"]
[Site "Budapest"]
[Date "2007.02.06"]
[Round "4"]
[White "Marodi, Matyas"]
[Black "Kovacs, Gabor2222"]
[Result "1-0"]
[WhiteElo "2162"]
[BlackElo "2187"]
[PlyCount "81"]
[EventDate "2007.02.03"]
[EventType "tourn"]
[EventRounds "11"]
[EventCountry "HUN"]
[SourceTitle "CBM 116 Extra"]
[Source "ChessBase"]
[SourceDate "2007.03.07"]
[SourceVersion "1"]
[SourceVersionDate "2007.03.07"]
[SourceQuality "1"]

1. d4 d5 2. c4 e6 3. Nf3 c6 4. Qc2 Nf6 5. g3 Nbd7 6. Bg2 Bd6 7. 0-0 0-0 8. Nbd2 b6 9. e4 dxe4 10. Ng5 Bb7 11. Ndxe4 Be7 12. Rd1 h6 13. Nxf6+ Nxf6 14. Ne4 Nxe4 15. Bxe4 Bf6 16. Bf4 Qe7 17. c5 e5 18. dxe5 Bxe5 19. Re1 Kh8 20. Bxe5 Qxe5 21. Bxc6 Qc7 22. Bxb7 Qxb7 23. c6 Qc7 24. Rac1 Rad8 25. b4 Rd5 26. Qc4 Rfd8 27. Re8+ Rxe8 28. Qxd5 Rd8 29. Qf5 Kg8 30. b5 Kf8 31. Qh7 f6 32. Qe4 Re8 33. Qb4+ Kf7 34. Qc4+ Kf8 35. Rd1 Rd8 36. Rxd8+ Qxd8 37. c7 Qc8 38. Qb4+ Kf7 39. Qd6 Qe8 40. Qd5+ Kg6 41. Qb7 1-0

[Event "HUN-chT2 Charousek 0607"]
[Site "Hungary"]
[Date "2006.12.17"]
[Round "4"]
[White "Farkas, Zsolt"]
[Black "Marodi, Matyas"]
[Result "1-0"]
[WhiteElo "2218"]
[BlackElo "2163"]
[PlyCount "43"]
[EventDate "2006.11.12"]
[EventType "team"]
[EventRounds "11"]
[EventCountry "HUN"]
[SourceTitle "EXT 2008"]
[Source "ChessBase"]
[SourceDate "2007.11.25"]
[SourceVersion "1"]
[SourceVersionDate "2007.11.25"]
[SourceQuality "1"]
[WhiteTeam "Csuti II"]
[BlackTeam "Decs"]
[WhiteTeamCountry "HUN"]
[BlackTeamCountry "HUN"]

1. e4 c5 2. Nc3 d6 3. Nf3 g6 4. d4 Nd7 5. Bc4 cxd4 6. Qxd4 Ngf6 7. Be3 h6 8. 0-0-0 Bg7 9. e5 Nh7 10. Qd5 0-0 11. exd6 exd6 12. Qxd6 Qa5 13. Qxg6 Kh8 14. Bxf7 Ne5 15. Nxe5 Qxe5 16. Bb3 Bf5 17. Qd6 Qxd6 18. Rxd6 Nf6 19. h3 a6 20. Bb6 Rae8 21. Rhd1 Kh7 22. g4 1-0

[Event "HUN-chT2 Charousek 0607"]
[Site "Hungary"]
[Date "2006.11.12"]
[Round "1"]
[White "Papp, Nandor"]
[Black "Marodi, Matyas"]
[Result "0-1"]
[WhiteElo "2139"]
[BlackElo "2163"]
[PlyCount "94"]
[EventDate "2006.11.12"]
[EventType "team"]
[EventRounds "11"]
[EventCountry "HUN"]
[SourceTitle "EXT 2008"]
[Source "ChessBase"]
[SourceDate "2007.11.25"]
[SourceVersion "1"]
[SourceVersionDate "2007.11.25"]
[SourceQuality "1"]
[WhiteTeam "Nagykanizsa II"]
[BlackTeam "Decs"]
[WhiteTeamCountry "HUN"]
[BlackTeamCountry "HUN"]

1. c4 Nf6 2. Nc3 e6 3. Nf3 b6 4. g3 d5 5. Bg2 Bb7 6. d4 Be7 7. 0-0 0-0 8. b3 c5 9. dxc5 Bxc5 10. cxd5 Nxd5 11. Na4 Nd7 12. Bb2 Qe7 13. Nxc5 Nxc5 14. Qd4 f6 15. Ba3 Rfd8 16. Rfc1 Rac8 17. Qh4 Nc7 18. Rc4 Bd5 19. Bxc5 bxc5 20. Rc2 Na6 21. e4 Nb4 22. Re2 Bc6 23. e5 Qb7 24. Ne1 Qa6 25. Re3 Bxg2 26. Kxg2 Rd4 27. Qh5 Nd5 28. Rf3 Qe2 29. Kg1 Qb2 30. exf6 gxf6 31. Qh3 Re8 32. Qh5 Re7 33. Nc2 Qxc2 34. Qh6 Qg6 35. Qc1 Rc7 36. Qf1 Qg4 37. Qg2 Rg7 38. Kh1 h5 39. Re1 Re4 40. Rf1 Rd4 41. Re1 Re4 42. Rg1 Re2 43. a3 Qe4 44. h4 f5 45. Kh2 f4 46. Rc1 fxg3+ 47. Rxg3 Qxh4+ 0-1

[Event "Budapest FS06 FM-A"]
[Site "Budapest"]
[Date "2005.06.12"]
[Round "9"]
[White "Wickstrom, Lucas"]
[Black "Marodi, Matyas"]
[Result "1-0"]
[WhiteElo "2021"]
[BlackElo "2144"]
[PlyCount "73"]
[EventDate "2005.06.04"]
[EventType "tourn"]
[EventRounds "11"]
[EventCountry "HUN"]
[SourceTitle "CBM 106 Extra"]
[Source "ChessBase"]
[SourceDate "2005.07.01"]
[SourceVersion "1"]
[SourceVersionDate "2005.07.01"]
[SourceQuality "1"]

1. d4 Nf6 2. c4 Nc6 3. Nf3 e6 4. Nc3 Bb4 5. Qc2 0-0 6. a3 Bxc3+ 7. Qxc3 a5 8. Bg5 h6 9. Bh4 g5 10. Bg3 Ne4 11. Qc2 f5 12. e3 d6 13. Bd3 Nxg3 14. hxg3 Qf6 15. d5 Ne5 16. Nxe5 dxe5 17. dxe6 e4 18. e7 Qxe7 19. Be2 Ra6 20. 0-0-0 Kh7 21. Rd4 c5 22. Rd2 Rff6 23. Rhd1 Rad6 24. Rd5 Rxd5 25. Rxd5 f4 26. gxf4 gxf4 27. Bf3 Kg7 28. Qxe4 Qf8 29. exf4 Rxf4 30. Qe5+ Rf6 31. Qc7+ Rf7 32. Qxc5 Qe8 33. Qd4+ Rf6 34. Qe5 Be6 35. Rc5 Qf8 36. Rc7+ Kh8 37. Rxb7 1-0

[Event "Budapest FS06 FM-A"]
[Site "Budapest"]
[Date "2005.06.04"]
[Round "1"]
[White "Marodi, Matyas"]
[Black "Koczo, Kristof"]
[Result "1/2-1/2"]
[WhiteElo "2144"]
[BlackElo "2192"]
[PlyCount "47"]
[EventDate "2005.06.04"]
[EventType "tourn"]
[EventRounds "11"]
[EventCountry "HUN"]
[SourceTitle "CBM 106 Extra"]
[Source "ChessBase"]
[SourceDate "2005.07.01"]
[SourceVersion "1"]
[SourceVersionDate "2005.07.01"]
[SourceQuality "1"]

1. Nf3 Nf6 2. c4 e6 3. d4 d5 4. e3 c6 5. Nc3 Nbd7 6. Bd3 dxc4 7. Bxc4 b5 8. Be2 Bb7 9. 0-0 Be7 10. Bd2 0-0 11. Qc2 Rc8 12. Ne4 Nxe4 13. Qxe4 Nf6 14. Qc2 Qd5 15. Rfd1 Qe4 16. Qxe4 Nxe4 17. Be1 Rfd8 18. Nd2 Nxd2 19. Bxd2 a6 20. Rac1 c5 21. dxc5 Rxc5 22. Rxc5 Bxc5 23. Bc3 Rxd1+ 24. Bxd1 1/2-1/2